[Event "BdF-Diamant 07 email"]
[Site "GER email"]
[Date "2016.06.26"]
[Round "?"]
[White "Henri, Veronica"]
[Black "Zhak, Oksana Nikolaevna"]
[Result "0-1"]
[WhiteElo "2325"]
[BlackElo "2331"]
[PlyCount "68"]
[EventDate "2016.??.??"]
[EventType "tourn (corr)"]
[EventRounds "15"]
[EventCountry "GER"]
[SourceTitle "Corr 2020"]
[Source "ChessBase"]
[SourceDate "2019.09.30"]
[SourceVersion "1"]
[SourceVersionDate "2019.09.30"]
[SourceQuality "1"]

1. e4 c6 2. Nc3 d5 3. d3 e5 4. g3 Bb4 5. Bg2 dxe4 6. dxe4 Qxd1+ 7. Kxd1 Nf6 8. f3 Bxc3 9. bxc3 Be6 10. Nh3 c5 11. Ke2 Kd7 12. Nf2 b6 13. Nd1 Ne8 14. Ne3 Nc6 15. Kf2 Nd6 16. Rd1 h5 17. Bf1 Na5 18. Nd5 Rad8 19. Ba6 f6 20. Be3 Kc6 21. Ne7+ Kd7 22. Nd5 Rhf8 23. Rab1 Rf7 24. a4 Kc6 25. Kg2 Nac4 26. Bc1 g5 27. h3 Rdf8 28. Bb5+ Nxb5 29. axb5+ Kb7 30. g4 hxg4 31. fxg4 Nd6 32. Nxb6 Nxe4 33. Na4 f5 34. Rf1 Ka8 0-1